Public relations vybranej spoločnosti bakalárska práca

Guardado en:
Detalles Bibliográficos
Autor principal: Polakovič, Kristián
Autor Corporativo: Obchodná fakulta EU. Katedra marketingu
Otros Autores: Mravec, Martin, 1972-
Formato: Libro
Lenguaje:eslovaco
Publicado: Bratislava 2022
Etiquetas: Agregar Etiqueta
Sin Etiquetas, Sea el primero en etiquetar este registro!

MARC

LEADER 00000nbm a2200000 4500
001 0285825
005 20221128132752.9
041 0 |a slo 
044 |a SK 
245 1 0 |a Public relations vybranej spoločnosti  |b bakalárska práca  |c Kristián Polakovič ; školiteľ: Martin Mravec 
264 1 |a Bratislava  |c 2022 
300 |a 48 s. 
100 1 |a Polakovič, Kristián 
700 1 |a Mravec, Martin, 1972- 
710 2 |a Obchodná fakulta EU. Katedra marketingu